000 01358cam a22003131i 4500
003 SA-RiAUC
005 20250211075821.0
008 250210s1990 ua a g 00000 ara c
020 _a9773071923
035 _aADRIF2018-1780
040 _aSA-RiAUC
_bara
_cSA-RiAUC
_erda
082 0 4 _a414
_qSA-RiAUC
090 _a414
_bا ب ن ح
100 1 _aابن حجر العسقلاني، أحمد بن علي بن محمد،
_d773-852 هجري
_eمؤلف.
245 1 0 _aغراس الأساس /
_cابن حجر العسقلاني ؛ تحقيق توفيق محمد شاهين.
250 _aالطبعة الأولى.
264 1 _aالقاهرة :
_bمكتبة وهبة،
_c1990
300 _a538 صفحة :
_bإيضاحيات ؛
_c24 سم.
336 _aنص
_btxt
_2rdacontent
_3كتاب
337 _aبدون وسيط
_bn
_2rdamedia
338 _aمجلد
_bnc
_2rdacarrier
490 0 _aمن نفائس المخطوطات
650 7 _aاللغة العربية
_vمعاجم
_vأعمال مبكرة حتى 1800
_2aucsh
650 7 _aالبلاغة العربية
_2aucsh
700 1 2 _iتحقيق لـ (عمل) :
_aابن حجر العسقلاني، أحمد بن علي بن محمد،
_d773-852 هجري
_tغراس الأساس
700 1 _aشاهين، توفيق محمد
_eمحقق.
942 _2ddc
_cBOOK
_n0
949 _aSA-JeALM
_d250210
_uosman123
_n1
999 _c5828
_d5828